000 01038nam a2200241 a 4500
001 000129507
003 AM-YEHGA
005 20250617122715.0
008 950417s1989 ru a|||gr|||||||||0|rus|d
020 _a5020052884
040 _aAM-YeHGA
041 0 _arus
100 1 _aКотляр, Борис Израилевич
245 1 0 _aНейробиологические основы обучения /
_cБ.И. Котляр ; АН СССР. Ин-т высш. нерв. деятельности и нейрофизиологии.
260 _aМосква :
_bНаука,
_c1989.
300 _a238 с. :
_bил. ;
_c21 см.
504 _aБиблиогр.: с. 217-237
650 1 4 _aПамять
_xРазвитие
_xБиологические основы
650 1 4 _aМозг головной
_xНейроны и синапсы
_xПластичность
710 2 _aИнститут высшей нервной деятельности и нейрофизиологии АН СССР
942 _2udc
_cBK
090 _c43817
999 _c43114
_d43114